| 000 | 00896nam a22002415i 4500 | ||
|---|---|---|---|
| 001 | 175105 | ||
| 003 | ES-MaACL | ||
| 005 | 20250815103926.0 | ||
| 008 | 101006s1952 sp f |||| | spa d | ||
| 080 | _a929.731(460.22)"14" | ||
| 080 | _a94(460.18)"1406/54" | ||
| 100 | 0 |
_aBenito Ruano, Eloy. _927689 |
|
| 245 | 1 | 0 |
_aLos infantes de Aragón / _cpor Eloy Benito Ruano. |
| 260 |
_a[Madrid] : _bEscuela de Estudios Medievales, _c1952. |
||
| 300 |
_a112 p., [1] h. de lám. en bl. y n. ; _c26 cm. |
||
| 490 | 1 |
_aMonografías de ciencia moderna ; _v34 |
|
| 651 | 0 | 7 |
_aAragón (Reino)- _xReyes y soberanos. _97794 |
| 651 | 4 |
_aCastilla (Reino)- _xHistoria- _y1406-1454, Juan II _97995 |
|
| 710 | 2 |
_aEscuela de Estudios Medievales (España) _9170983 |
|
| 830 | 0 |
_aMonografías de ciencia moderna _v34 _9189470 |
|
| 852 |
_aES-MaACL _jE-13299 _xOlim P-555 bis |
||
| 999 |
_c175105 _d175105 |
||